Tablice rejestracyjne - województwo śląskie (quiz na mapie) - Statystyki

Ogólne statystyki
  • Ten quiz został rozwiązany 489 razy
    488 od ostatniego zresetowania
  • Średni wynik to 16 z 36
Odpowiedzi na mapie
Odpowiedzi zakodowano w zielono-czerwonej skali na mapie do tego quizu, zgodnie z poniższymi procentami.
 
Statystyki odpowiedzi
Odpowiedź % Poprawnych
SCZ
65%
SB
63%
SC
63%
SG
63%
SK
58%
SBI
56%
SGL
55%
SCI
54%
SZY
52%
SR
49%
SRB
49%
STA
48%
SJ
46%
SZA
45%
SKL
44%
SLU
44%
SPS
44%
SBE
43%
SH
43%
SO
43%
ST
42%
SZ
42%
SD
41%
SJZ
41%
SMY
41%
SWD
39%
SBL
38%
SMI
37%
SRC
37%
SM
36%
SZO
34%
SW
33%
SY
33%
SPI
32%
SI
31%
SL
31%
Nie znaleziono quizów pasujących do podanych kryteriów
Rozkład punktacji
Procent ludzi z każdym wynikiem
Percentyl według liczby udzielonych odpowiedzi
Twoja historia wyników
Nie rozwiązałeś tego quizu od ostatniego zresetowania